Movies that start with an A - Statistics

General Stats
  • This quiz has been taken 1,507 times
    1,500 since last reset
  • The average score is 6 of 13
Answer Stats
Hint Answer % Correct
Sigourney Weaver is stuck on a spaceship with a monster. Alien
95%
Robin Williams is one fast-talking genie. Aladdin
82%
Let's shag, baby. Austin Powers
82%
Bruce Willis saves the world from certain destruction, but can't keep Ben Affleck away from his daughter. Armageddon
75%
Mozart is A-a child prodigy B-a genius C-Crazy or D- Dead? Amadeus
65%
The Moon mission, with a glitch. Apollo 13
58%
Cute girl finds love in idyllic Paris. The secret? Elaborate stratagems. Amelie
44%
Your mission: 1. Stare at the ceiling fan. 2. Listen to Wagner and ride your helicopter. 3. Go up the Mekong and kill Marlon Brando. Apocalypse Now
40%
Mayan manhunt. Apocalypto
25%
Robert Redford and Dustin Hoffman v. Richard Nixon All the president's men
23%
Harrison Ford in a George Lucas movie. Hint: he's not playing Han Solo. American Graffiti
17%
Humphrey Bogart in drags? No: great WWI movie. African Queen
7%
Best final line ever, movie-wise: "shut up and deal." Apartment
2%
No matching quizzes found
Score Distribution
Percent of People with Each Score
Percentile by Number Answered
Your Score History
You have not taken this quiz since the last reset